| Tag |
First Indicator |
Second Indicator |
Subfields |
| LEADER |
00000cam a2200000 a 4500 |
| 001 |
in00000033316 |
| 005 |
20151007060554.0 |
| 008 |
870710r1988 nyua b 00110 eng |
| 010 |
|
|
|a 87019684
|
| 020 |
|
|
|a 0805007113
|
| 035 |
|
|
|a (OCoLC)16278184
|
| 035 |
|
|
|9 AAC1180AM
|
| 040 |
|
|
|a DLC
|c DLC
|d TXA
|d UtOrBLW
|
| 043 |
|
|
|a e-uk---
|
| 049 |
|
|
|a TXAM
|c [A13160060]
|
| 050 |
0 |
0 |
|a DA152.5.A7
|b A82 1988
|
| 100 |
1 |
|
|a Ashe, Geoffrey.
|
| 245 |
1 |
4 |
|a The landscape of King Arthur /
|c Geoffrey Ashe ; [with photographs by Simon McBride].
|
| 250 |
|
|
|a 1st American ed.
|
| 264 |
|
1 |
|a New York :
|b H. Holt,
|c 1988
|
| 264 |
|
4 |
|c ©1987
|
| 300 |
|
|
|a 191 pages :
|b illustrations (some color) ;
|c 26 cm.
|
| 336 |
|
|
|a text
|b txt
|2 rdacontent
|
| 337 |
|
|
|a unmediated
|b n
|2 rdamedia
|
| 338 |
|
|
|a volume
|b nc
|2 rdacarrier
|
| 504 |
|
|
|a Bibliography: pages 185-187.
|
| 500 |
|
|
|a Includes index.
|
| 600 |
0 |
0 |
|a Arthur,
|c King.
|
| 650 |
|
0 |
|a Arthurian romances
|x History and criticism.
|
| 651 |
|
0 |
|a Great Britain
|x History
|y Anglo-Saxon period, 449-1066.
|
| 651 |
|
0 |
|a Great Britain
|x Antiquities.
|
| 651 |
|
0 |
|a Great Britain
|x Description and travel.
|
| 700 |
1 |
|
|a McBride, Simon.
|
| 740 |
0 |
|
|a King Arthur.
|
| 999 |
|
|
|a MARS
|
| 999 |
f |
f |
|s 6e4dcbc6-a0c4-39e8-afd9-a62531fe850a
|i 5cea1a99-7bd4-3ad2-8e89-ade0fa9515db
|t 0
|
| 952 |
f |
f |
|p normal
|a Texas A&M University
|b College Station
|c Sterling C. Evans Library
|d Evans: Library Stacks
|t 0
|e DA152.5.A7 A82 1988
|h Library of Congress classification
|i unmediated -- volume
|m A14813160060
|
| 998 |
f |
f |
|a DA152.5.A7 A82 1988
|t 0
|l Evans: Library Stacks
|